Readings on Pro Poor Planning Through Social Mobilisation in South Asia Vol I (Record no. 223552)

MARC details
000 -LEADER
fixed length control field 00792nam a22002297a 4500
005 - DATE AND TIME OF LATEST TRANSACTION
control field 20220701122239.0
008 - FIXED-LENGTH DATA ELEMENTS--GENERAL INFORMATION
fixed length control field 220701b ||||| |||| 00| 0 eng d
040 ## - CATALOGING SOURCE
Transcribing agency AL
041 ## - LANGUAGE CODE
Language code of text/sound track or separate title English
082 ## - DEWEY DECIMAL CLASSIFICATION NUMBER
Edition number 23
Classification number 361.2
Item number WIGR
100 ## - MAIN ENTRY--PERSONAL NAME
Personal name Ponna Wignaraja and others
100 ## - MAIN ENTRY--PERSONAL NAME
9 (RLIN) 46478
245 ## - TITLE STATEMENT
Title Readings on Pro Poor Planning Through Social Mobilisation in South Asia Vol I
260 ## - PUBLICATION, DISTRIBUTION, ETC.
Place of publication, distribution, etc. New Delhi
Name of publisher, distributor, etc. Vikas Publishing house Pvt Ltd
Date of publication, distribution, etc. 2000
300 ## - PHYSICAL DESCRIPTION
Extent xix,377 p.
Other physical details HB
Dimensions 23x15 cm.
365 ## - TRADE PRICE
Currency code
Unit of pricing ₹550.00
440 ## - SERIES STATEMENT/ADDED ENTRY--TITLE
Title The Strategic Option for Poverty Eradication
9 (RLIN) 46479
650 ## - SUBJECT ADDED ENTRY--TOPICAL TERM
Topical term or geographic name entry element The Changing Context
9 (RLIN) 46480
650 ## - SUBJECT ADDED ENTRY--TOPICAL TERM
Topical term or geographic name entry element The Practice and Process of Social Mobilisation
9 (RLIN) 46481
700 ## - ADDED ENTRY--PERSONAL NAME
Personal name WIGNARAJA (Ponna) ed
9 (RLIN) 46482
700 ## - ADDED ENTRY--PERSONAL NAME
Personal name SIRIVARDANA (Susil) ed
9 (RLIN) 46483
942 ## - ADDED ENTRY ELEMENTS (KOHA)
Source of classification or shelving scheme Dewey Decimal Classification
Koha item type George Fernandes Collections
Holdings
Withdrawn status Lost status Source of classification or shelving scheme Damaged status Not for loan Collection code Home library Current library Date acquired Total Checkouts Full call number Barcode Date last seen Price effective from Koha item type
    Dewey Decimal Classification     Others St Aloysius Library St Aloysius Library 03/23/2013   361.2 WIGR GF03173 07/01/2022 07/01/2022 George Fernandes Collections